Personnages de fiction par couleur de cheveux - Chauve - Statistiques

Statistiques générales
  • Ce quiz a été pris 83 fois
  • Le résultat moyen est 11 sur 20
Statistiques - réponses
Par images Réponse % Correct
Shrek
97%
Mr Propre
96%
Voldemort
95%
Simplet
89%
Gru
88%
Megamind
69%
Saitama
66%
Krillin
61%
Agent 47
59%
Caillou
59%
Fétide Addams
59%
Charles Xavier
57%
Kratos
57%
Lex Luthor
50%
Aang
47%
Morpheus
38%
Gluttony
19%
John Locke
18%
Dhalsim
12%
Blutch
11%
Aucun quiz correspondant
Distribution des résultats
% des personnes avec chaque résultat
Percentile par nombre de réponses
Votre historique - résultats
Vous n’avez pas pris ce quiz